[Event "Nordsjalland Weekend op-B"]
[Site "Allerod"]
[Date "2023.01.08"]
[Round "5"]
[White "Koch Mueller, Oscar"]
[Black "Sorensen, Per Settergren"]
[Result "1/2-1/2"]
[WhiteElo "2042"]
[BlackElo "1971"]
[PlyCount "121"]
[EventDate "2023.01.06"]
[EventType "swiss"]
[EventRounds "5"]
[EventCountry "DEN"]
[SourceTitle "EXT 2024"]
[Source "ChessBase"]
[SourceDate "2023.10.10"]
[SourceVersion "1"]
[SourceVersionDate "2023.10.10"]
[SourceQuality "1"]

1. d4 e6 2. c4 f5 3. Nc3 Nf6 4. Nh3 b6 5. e3 Bb7 6. f3 Bb4 7. Bd2 0-0 8. Bd3 c5 9. a3 cxd4 10. axb4 dxc3 11. Bxc3 Qe7 12. 0-0 d6 13. Qb3 Nbd7 14. Rfd1 Kh8 15. Rd2 Rfc8 16. Qd1 d5 17. b3 Ne8 18. e4 fxe4 19. fxe4 d4 20. Bxd4 Qxb4 21. Bc2 e5 22. Bb2 Qc5+ 23. Kh1 Ndf6 24. Ng5 Kg8 25. Qe2 Qe7 26. Nf3 Nd7 27. Ba3 Nc5 28. Rad1 Nf6 29. b4 Ncxe4 30. Bxe4 Bxe4 31. Ng5 Bf5 32. Rd6 Bg4 33. Qa2 h6 34. c5+ Kh8 35. Nf7+ Kh7 36. Re1 e4 37. Bb2 Bh5 38. Bxf6 gxf6 39. Nxh6 Kxh6 40. Qd2+ Kg6 41. Re3 Rd8 42. Rg3+ Kh7 43. Rh3 Qe5 44. g4 Rxd6 45. cxd6 e3 46. Rxe3 Qa1+ 47. Re1 Qa4 48. gxh5 Qc6+ 49. Qg2 Qxg2+ 50. Kxg2 Rd8 51. Re7+ Kh6 52. d7 a5 53. b5 Kxh5 54. Re6 Kg5 55. Rxb6 Rxd7 56. Ra6 Rd2+ 57. Kg3 Rd3+ 58. Kf2 Ra3 59. b6 f5 60. Ra8 Rb3 61. Rxa5 1/2-1/2

[Event "Nordsjalland Weekend op-B"]
[Site "Allerod"]
[Date "2023.01.08"]
[Round "4"]
[White "Lauritsen, Martin Lee"]
[Black "Sorensen, Per Settergren"]
[Result "1-0"]
[WhiteElo "2058"]
[BlackElo "1971"]
[PlyCount "153"]
[EventDate "2023.01.06"]
[EventType "swiss"]
[EventRounds "5"]
[EventCountry "DEN"]
[SourceTitle "EXT 2024"]
[Source "ChessBase"]
[SourceDate "2023.10.10"]
[SourceVersion "1"]
[SourceVersionDate "2023.10.10"]
[SourceQuality "1"]

1. e4 e5 2. Bc4 Nc6 3. Nc3 Nf6 4. d3 Na5 5. Bb3 Nxb3 6. axb3 d5 7. exd5 Nxd5 8. Nge2 Bb4 9. 0-0 0-0 10. Bd2 Nf6 11. Ng3 Bg4 12. Qe1 Re8 13. Bg5 c6 14. Bxf6 Qxf6 15. Qe4 Bxc3 16. bxc3 Be6 17. Rfe1 Bd5 18. Qe3 a6 19. c4 Be6 20. Qxe5 Qxe5 21. Rxe5 f6 22. Re3 f5 23. Rae1 Kf7 24. Re5 g6 25. Ne2 Bd7 26. Rxe8 Rxe8 27. Kf1 c5 28. d4 cxd4 29. Nxd4 Rc8 30. Ke2 b5 31. cxb5 axb5 32. Kd3 b4 33. Ra1 Rc3+ 34. Kd2 Rc7 35. Ra6 Rb7 36. h4 h6 37. Kd3 Kg7 38. Kc4 f4 39. Kc5 g5 40. hxg5 hxg5 41. g3 fxg3 42. fxg3 Bh3 43. Ne6+ Bxe6 44. Rxe6 Rc7+ 45. Kxb4 Rxc2 46. Re4 Kg6 47. g4 Rf2 48. Kc5 Rc2+ 49. Kd5 Rd2+ 50. Rd4 Rc2 51. b4 Kf6 52. Rc4 Rd2+ 53. Kc6 Ke7 54. b5 Rd6+ 55. Kc5 Rf6 56. b6 Kd7 57. Rd4+ Kc8 58. Rd5 Kb7 59. Rd7+ Kc8 60. Rc7+ Kb8 61. Rg7 Rf1 62. Rxg5 Rc1+ 63. Kd5 Rd1+ 64. Kc6 Rc1+ 65. Rc5 Re1 66. g5 Re6+ 67. Kb5 Re1 68. g6 Rg1 69. Rc6 Rg5+ 70. Ka6 Rg1 71. Rf6 Ra1+ 72. Kb5 Rb1+ 73. Kc6 Rc1+ 74. Kd7 Kb7 75. Ke7 Re1+ 76. Kf7 Rd1 77. g7 1-0

[Event "Hillerod-ch Master"]
[Site "Hillerod"]
[Date "2022.05.15"]
[Round "3"]
[White "Sorensen, Reto Utiger"]
[Black "Sorensen, Per Settergren"]
[Result "1/2-1/2"]
[WhiteElo "1985"]
[BlackElo "1994"]
[PlyCount "189"]
[EventDate "2022.05.15"]
[EventType "tourn"]
[EventRounds "5"]
[EventCountry "DEN"]
[SourceTitle "EXT 2024"]
[Source "ChessBase"]
[SourceDate "2023.10.10"]
[SourceVersion "1"]
[SourceVersionDate "2023.10.10"]
[SourceQuality "1"]

1. c4 c5 2. g3 g6 3. Nc3 Nc6 4. Bg2 Bg7 5. Nf3 Nf6 6. d4 d6 7. 0-0 0-0 8. dxc5 dxc5 9. Be3 Be6 10. Qa4 Qb6 11. Ng5 Nd4 12. Nxe6 Nxe6 13. Rab1 a5 14. h3 Rfd8 15. a3 Nd4 16. Rfd1 e6 17. Kf1 h6 18. Rd3 Nf5 19. Qb5 Nxe3+ 20. Rxe3 Qxb5 21. Nxb5 Rab8 22. Rb3 a4 23. Rd3 Rxd3 24. exd3 Nd7 25. Nc3 Nb6 26. Ke2 Kf8 27. Ne4 Nd7 28. Nd6 Ke7 29. Nxb7 Bd4 30. b3 axb3 31. Rxb3 Ra8 32. Nd6 Ra6 33. Nb5 Bf6 34. Nc3 Rb6 35. Nb5 Ra6 36. Ke3 h5 37. Bb7 Rb6 38. Be4 Ra6 39. f4 h4 40. g4 g5 41. f5 Be5 42. fxe6 fxe6 43. Rb1 Bf4+ 44. Ke2 Nf6 45. Bf3 Ne8 46. Ra1 Be5 47. Ra2 Nd6 48. a4 Ra5 49. Kd2 Kd7 50. Kc2 Nc8 51. Bd1 Nb6 52. Kd2 Nc8 53. Ke3 Nd6 54. Na3 Bd4+ 55. Kf3 Nf7 56. Nc2 Bf6 57. Ne3 Ne5+ 58. Ke2 Nc6 59. Ra3 Nd4+ 60. Kf2 Be5 61. Ra2 Nc6 62. Nc2 Ra8 63. Kg2 Na5 64. Na3 Rb8 65. Nb5 Bg3 66. Nc3 Bd6 67. Ne4 Be7 68. Rf2 Nc6 69. a5 Nxa5 70. Rf7 Rb2+ 71. Kf3 Ke8 72. Rg7 Kf8 73. Rh7 Nc6 74. Rh5 Ne5+ 75. Ke3 Nf7 76. d4 Rh2 77. dxc5 Rxh3+ 78. Kd4 e5+ 79. Kd5 Rd3+ 80. Ke6 Rxd1 81. Rh7 Nd8+ 82. Kxe5 Nc6+ 83. Kf5 Kg8 84. Rh6 Nd4+ 85. Ke5 Nf3+ 86. Ke6 Rd4 87. Nd6 Bf8 88. Rf6 Nd2 89. Rg6+ Kh7 90. Rxg5 Nxc4 91. Rh5+ Kg6 92. Nf5 Rxg4 93. Rxh4 Rxh4 94. Nxh4+ Kh5 95. Nf5 1/2-1/2

[Event "Copenhagen Challenge"]
[Site "Ballerup"]
[Date "2019.05.19"]
[Round "9"]
[White "Sorensen, Per Settergren"]
[Black "Nielsen, Thomas"]
[Result "0-1"]
[WhiteElo "2030"]
[BlackElo "1933"]
[PlyCount "94"]
[EventDate "2019.05.15"]
[EventType "swiss"]
[EventRounds "9"]
[EventCountry "DEN"]
[SourceTitle "CBM 190 Extra"]
[Source "ChessBase"]
[SourceDate "2019.07.15"]
[SourceVersion "1"]
[SourceVersionDate "2019.07.15"]
[SourceQuality "1"]

1. e4 c5 2. Nf3 d6 3. d4 cxd4 4. Nxd4 Nf6 5. Nc3 g6 6. Be3 a6 7. Be2 b5 8. f3 Bb7 9. Qd2 Nbd7 10. a4 e5 11. Nb3 b4 12. Na2 d5 13. exd5 Nxd5 14. Bf2 Qc7 15. 0-0 h5 16. c4 bxc3 17. Nxc3 Nxc3 18. Qxc3 Qxc3 19. bxc3 Rc8 20. Na5 Bd5 21. Bxa6 Ra8 22. Bb5 Rxa5 23. Rfd1 Be6 24. Bb6 Rxb5 25. axb5 Nxb6 26. Ra7 Bc5+ 27. Kh1 0-0 28. Rc7 Rc8 29. Rxc8+ Nxc8 30. Rd8+ Kg7 31. h4 Kf6 32. Kh2 Ke7 33. Rd2 Bc4 34. Rb2 Bb6 35. g4 Nd6 36. gxh5 gxh5 37. Rg2 f6 38. Rg7+ Bf7 39. Rg2 Kd7 40. Rb2 Kc7 41. Rg2 Nxb5 42. Rg7 Nd6 43. Rh7 Kc6 44. Rh6 Bd8 45. Rh8 Kd7 46. Rh7 Ke7 47. Rg7 Ba5 0-1

[Event "Copenhagen Challenge"]
[Site "Ballerup"]
[Date "2019.05.17"]
[Round "4"]
[White "Slettebo, Jan"]
[Black "Sorensen, Per Settergren"]
[Result "0-1"]
[WhiteElo "1920"]
[BlackElo "2030"]
[PlyCount "50"]
[EventDate "2019.05.15"]
[EventType "swiss"]
[EventRounds "9"]
[EventCountry "DEN"]
[SourceTitle "CBM 190 Extra"]
[Source "ChessBase"]
[SourceDate "2019.07.15"]
[SourceVersion "1"]
[SourceVersionDate "2019.07.15"]
[SourceQuality "1"]

1. e4 e5 2. Nf3 Nc6 3. d4 exd4 4. Bc4 Bc5 5. 0-0 d6 6. c3 Bg4 7. Qb3 Bxf3 8. Bxf7+ Kf8 9. gxf3 Nf6 10. Bd5 Nxd5 11. Qxd5 Qf6 12. f4 Re8 13. e5 Qe6 14. Qxe6 Rxe6 15. b4 Bb6 16. b5 Ne7 17. exd6 cxd6 18. Bd2 Nf5 19. a4 Kf7 20. cxd4 Nxd4 21. Ra3 Rhe8 22. Rd3 Re2 23. Be3 Nf3+ 24. Kh1 R8xe3 25. Rxe3 Bxe3 0-1

[Event "Copenhagen Challenge"]
[Site "Ballerup"]
[Date "2018.04.29"]
[Round "9"]
[White "Stray, Gunnar"]
[Black "Sorensen, Per Settergren"]
[Result "0-1"]
[WhiteElo "2042"]
[BlackElo "2034"]
[PlyCount "116"]
[EventDate "2018.04.25"]
[EventType "swiss"]
[EventRounds "9"]
[EventCountry "DEN"]
[SourceTitle "CBM 184 Extra"]
[Source "ChessBase"]
[SourceDate "2018.06.28"]
[SourceVersion "1"]
[SourceVersionDate "2018.06.28"]
[SourceQuality "1"]

1. d4 Nf6 2. Nf3 g6 3. g3 Bg7 4. Bg2 0-0 5. 0-0 d6 6. Nbd2 Nbd7 7. e4 e5 8. c3 c6 9. Re1 b5 10. a4 Bb7 11. Nb3 Qc7 12. Qc2 a6 13. Bg5 h6 14. Bd2 c5 15. dxe5 dxe5 16. c4 b4 17. Nh4 Nh5 18. Bf3 Nhf6 19. Ng2 Rac8 20. Ne3 Ne8 21. Nd5 Bxd5 22. exd5 Nd6 23. Be3 f5 24. Bg2 f4 25. Bc1 f3 26. Bh3 e4 27. Nd2 Nf6 28. Nf1 g5 29. Ne3 Rce8 30. Rb1 Kh8 31. b3 g4 32. Bf1 h5 33. h4 gxh3 34. Bxh3 Re5 35. Kh2 Bh6 36. Bb2 Rg5 37. Rh1 Kg8 38. Be6+ Kh7 39. Kg1 Qg7 40. Bc1 h4 41. Nf1 hxg3 42. Nxg3 Rxg3+ 43. fxg3 Qxg3+ 44. Kf1 Ng4 45. Bxg4 Qxg4 46. Bxh6 Rf5 47. Be3+ Rh5 48. Rxh5+ Qxh5 49. Qf2 Nf5 50. Re1 Qh1+ 51. Qg1 Qh3+ 52. Kf2 Qh4+ 53. Kf1 Ng3+ 54. Kf2 Ne2+ 55. Kf1 Qh3+ 56. Kf2 Nxg1 57. Rxg1 Qh2+ 58. Kf1 Qe2# 0-1

[Event "Copenhagen Bronshoj op"]
[Site "Copenhagen"]
[Date "2017.02.15"]
[Round "6"]
[White "Sorensen, Per Settergren"]
[Black "Andersen, Soren Mikkel"]
[Result "1/2-1/2"]
[WhiteElo "1979"]
[BlackElo "2088"]
[PlyCount "69"]
[EventDate "2017.02.10"]
[EventType "swiss"]
[EventRounds "7"]
[EventCountry "DEN"]
[SourceTitle "CBM 176 Extra"]
[Source "ChessBase"]
[SourceDate "2017.03.02"]
[SourceVersion "1"]
[SourceVersionDate "2017.03.02"]
[SourceQuality "1"]

1. e4 c5 2. Nf3 d6 3. d4 cxd4 4. Nxd4 Nf6 5. Nc3 a6 6. g3 g6 7. Bg2 Bg7 8. h3 0-0 9. 0-0 Nc6 10. Be3 Bd7 11. Nd5 Nxd5 12. exd5 Nxd4 13. Bxd4 Bxd4 14. Qxd4 Qc8 15. Rfe1 Re8 16. Kh2 Qc5 17. Qd2 Rac8 18. c3 b5 19. Re4 e5 20. dxe6 Rxe6 21. Rxe6 Bxe6 22. a3 a5 23. Rd1 Re8 24. Qf4 Rd8 25. Rd4 Kg7 26. Qd2 a4 27. Rh4 h5 28. Rd4 Bc4 29. Bd5 Rb8 30. h4 Qc7 31. Rf4 Bxd5 32. Qxd5 Qd7 33. Qd4+ Kg8 34. Qd5 Re8 35. Qd2 1/2-1/2

[Event "Copenhagen Bronshoj op"]
[Site "Copenhagen"]
[Date "2017.02.13"]
[Round "4"]
[White "Sorensen, Per Settergren"]
[Black "Akdag, Dara Sevkan"]
[Result "0-1"]
[WhiteElo "1979"]
[BlackElo "2188"]
[PlyCount "122"]
[EventDate "2017.02.10"]
[EventType "swiss"]
[EventRounds "7"]
[EventCountry "DEN"]
[SourceTitle "CBM 176 Extra"]
[Source "ChessBase"]
[SourceDate "2017.03.02"]
[SourceVersion "1"]
[SourceVersionDate "2017.03.02"]
[SourceQuality "1"]

1. e4 c5 2. Nf3 d6 3. d4 cxd4 4. Nxd4 Nf6 5. Nc3 g6 6. Be3 Bg7 7. f3 a6 8. Qd2 Nbd7 9. Be2 Ne5 10. 0-0 0-0 11. a4 Qc7 12. b3 e6 13. Rad1 Rd8 14. h3 Bd7 15. Bd3 Rac8 16. Nde2 d5 17. exd5 exd5 18. Rc1 Be6 19. Nd1 Ne4 20. fxe4 dxe4 21. Nf2 exd3 22. cxd3 Qd7 23. d4 Rxc1 24. Qxc1 Nc6 25. Ne4 Nxd4 26. Nxd4 Bxd4 27. Nf6+ Bxf6 28. Rxf6 Qd1+ 29. Qxd1 Rxd1+ 30. Rf1 Rd3 31. Bb6 Bxb3 32. a5 Bd5 33. Rf2 f5 34. Bc5 Kf7 35. Re2 Be4 36. Bf2 Ke6 37. Rb2 Ra3 38. Bb6 Kd6 39. Kf2 Kd5 40. Kg1 Kc4 41. Bd8 Rd3 42. Bb6 Kc3 43. Ra2 Rd1+ 44. Kh2 Bc2 45. Bc5 Rd2 46. Ra1 Be4 47. Rg1 Ra2 48. Bb6 f4 49. Rc1+ Kb4 50. Rg1 f3 51. Kg3 fxg2 52. Kf4 Bd3 53. Rd1 Bc4 54. Rb1+ Bb3 55. h4 Rxa5 56. Bxa5+ Kxa5 57. Kg3 Kb4 58. Kxg2 a5 59. Re1 a4 60. Re7 Bd5+ 61. Kf2 a3 0-1

[Event "Copenhagen Challenge"]
[Site "Ballerup"]
[Date "2016.04.24"]
[Round "8"]
[White "Overmark, Ole"]
[Black "Sorensen, Per Settergren"]
[Result "1/2-1/2"]
[WhiteElo "1763"]
[BlackElo "1979"]
[PlyCount "212"]
[EventDate "2016.04.20"]
[EventType "swiss"]
[EventRounds "9"]
[EventCountry "DEN"]
[SourceTitle "CBM 172 Extra"]
[Source "ChessBase"]
[SourceDate "2016.06.21"]
[SourceVersion "1"]
[SourceVersionDate "2016.06.21"]
[SourceQuality "1"]

1. Nf3 Nf6 2. g3 d5 3. d4 Bf5 4. Bg2 e6 5. c4 h6 6. 0-0 Be7 7. Nc3 0-0 8. cxd5 exd5 9. Qb3 Bc8 10. Bd2 c6 11. Rac1 Nbd7 12. Rfe1 Re8 13. e4 Nxe4 14. Nxe4 dxe4 15. Rxe4 Nf6 16. Ree1 Qb6 17. Qc2 Be6 18. Be3 Bd5 19. Ne5 Bxg2 20. Kxg2 Qd8 21. b3 Bb4 22. Re2 Qd5+ 23. Kg1 Rad8 24. Qf5 Qe6 25. Qf3 Nd5 26. Rc4 Bf8 27. Rcc2 Qf6 28. Qg4 Qe6 29. Qf3 Qf6 30. Qg4 Bd6 31. Nc4 Bc7 32. Bc1 Rxe2 33. Rxe2 Nc3 34. Rc2 Nb5 35. Bb2 Nxd4 36. Bxd4 Rxd4 37. Qc8+ Qd8 38. Qxd8+ Rxd8 39. Re2 Kf8 40. Kf1 g6 41. h4 h5 42. Rd2 Rxd2 43. Nxd2 Ke7 44. Ke2 f5 45. Kd3 Bb6 46. Ke2 Ke6 47. Nc4 Bc7 48. Kd3 b5 49. Ne3 f4 50. gxf4 Bxf4 51. Ng2 Bd6 52. Ke4 c5 53. Ne3 Be7 54. Ng2 Bf6 55. Nf4+ Kf7 56. Ng2 c4 57. bxc4 bxc4 58. a4 c3 59. Kd3 Ke6 60. f3 Kd6 61. Nf4 Kc5 62. Nxg6 Kb4 63. Kc2 Kxa4 64. Nf4 Bxh4 65. Nxh5 Kb4 66. Nf4 Kc4 67. Ne2 Bf6 68. f4 a5 69. f5 a4 70. Nc1 Be5 71. Ne2 Bf6 72. Nc1 Bg5 73. Na2 Bf6 74. Nc1 a3 75. Nb3 a2 76. Na1 Kb4 77. Kc1 Ka3 78. Kc2 Be5 79. Nb3 Kb4 80. Na1 Kc4 81. Nb3 Bg7 82. Na1 Kd4 83. Kb3 Ke4 84. Kxa2 Kxf5 85. Nc2 Ke4 86. Kb3 Kd3 87. Na1 Bf8 88. Nc2 Bc5 89. Ne1+ Kd2 90. Nc2 Bf2 91. Na3 Kd3 92. Nc2 Bg3 93. Nb4+ Kd2 94. Nc2 Be5 95. Na3 Kd3 96. Nc2 Bf4 97. Ne1+ Kd2 98. Nc2 Bd6 99. Nd4 Kd3 100. Nc2 Be7 101. Ne1+ Kd2 102. Nc2 Bf6 103. Nb4 Kd1 104. Nc2 Kc1 105. Na3 Bg7 106. Nc2 Kd2 1/2-1/2

[Event "Copenhagen Challenge"]
[Site "Ballerup"]
[Date "2016.04.22"]
[Round "4"]
[White "De Seroux, Camille"]
[Black "Sorensen, Per Settergren"]
[Result "1-0"]
[WhiteElo "2125"]
[BlackElo "1979"]
[PlyCount "207"]
[EventDate "2016.04.20"]
[EventType "swiss"]
[EventRounds "9"]
[EventCountry "DEN"]
[SourceTitle "CBM 172 Extra"]
[Source "ChessBase"]
[SourceDate "2016.06.21"]
[SourceVersion "1"]
[SourceVersionDate "2016.06.21"]
[SourceQuality "1"]

1. e4 e5 2. Nf3 Nc6 3. Nc3 Nf6 4. Be2 Bb4 5. Nd5 Ba5 6. 0-0 d6 7. c3 0-0 8. d3 Nxd5 9. exd5 Ne7 10. b4 Bb6 11. Qb3 h6 12. a4 a5 13. b5 Bg4 14. Be3 Bxf3 15. Bxf3 Bxe3 16. fxe3 b6 17. d4 Ng6 18. c4 exd4 19. exd4 Qh4 20. Qc3 Qg5 21. Qc1 Qh4 22. Qd2 Rad8 23. Rac1 Rfe8 24. g3 Qg5 25. Qxg5 hxg5 26. Rc3 Re7 27. c5 dxc5 28. dxc5 bxc5 29. Rxc5 Ne5 30. Bg2 Rd6 31. h3 g6 32. Rc3 Kg7 33. Rfc1 Rdd7 34. Re3 f6 35. Rb3 Rd6 36. Rc5 Rb6 37. Rbc3 Rb7 38. Rc2 Ra7 39. Rd2 Rd7 40. Rd4 Kf8 41. Rc3 Rd6 42. Rd2 Ke7 43. Rdc2 Kd8 44. Kf2 Nd7 45. Rc6 Nb6 46. Rxd6+ cxd6 47. Rc6 Nxa4 48. Rxd6+ Ke7 49. Re6+ Kf7 50. Rc6 Rb7 51. Bf1 Nb6 52. d6 Ke8 53. Bd3 f5 54. g4 a4 55. gxf5 gxf5 56. Bxf5 a3 57. Bb1 Na4 58. Ra6 Nc3 59. Bg6+ Kd7 60. Bf5+ Ke8 61. d7+ Rxd7 62. Bxd7+ Kxd7 63. Rxa3 Nxb5 64. Ra5 Nd6 65. Kf3 Nf7 66. Kg4 Ke6 67. Ra6+ Ke5 68. Kh5 Kf5 69. Rb6 Nh8 70. Rb5+ Kf6 71. Rxg5 Kf7 72. Ra5 Kg7 73. Ra6 Nf7 74. Kg4 Nh6+ 75. Kh5 Nf7 76. Rg6+ Kh7 77. h4 Kh8 78. Ra6 Kh7 79. Ra7 Kg7 80. Kg4 Kf6 81. Kf4 Kg6 82. h5+ Kf6 83. Ra6+ Kg7 84. Kf5 Nh6+ 85. Ke6 Ng4 86. Kf5 Nh6+ 87. Ke6 Ng4 88. Ke7 Nh6 89. Rg6+ Kh7 90. Kf8 Nf5 91. Rg5 Nh6 92. Rg7+ Kh8 93. Rg5 Kh7 94. Rg7+ Kh8 95. Ra7 Ng8 96. Rf7 Nh6 97. Rg7 Nf5 98. Rg6 Kh7 99. Kf7 Nh6+ 100. Kf6 Ng8+ 101. Kg5 Ne7 102. Re6 Ng8 103. h6 Kh8 104. Kg6 1-0

[Event "Copenhagen Challenge"]
[Site "Ballerup"]
[Date "2016.04.21"]
[Round "2"]
[White "Moe, Mogens"]
[Black "Sorensen, Per Settergren"]
[Result "1-0"]
[WhiteElo "2160"]
[BlackElo "1979"]
[PlyCount "119"]
[EventDate "2016.04.20"]
[EventType "swiss"]
[EventRounds "9"]
[EventCountry "DEN"]
[SourceTitle "CBM 172 Extra"]
[Source "ChessBase"]
[SourceDate "2016.06.21"]
[SourceVersion "1"]
[SourceVersionDate "2016.06.21"]
[SourceQuality "1"]

1. e4 e5 2. Nf3 Nc6 3. d4 exd4 4. Nxd4 Nf6 5. Nxc6 bxc6 6. e5 Qe7 7. Qe2 Nd5 8. c4 Nb6 9. Nd2 a5 10. Qe4 g6 11. Bd3 Bg7 12. 0-0 0-0 13. Re1 Ba6 14. Rb1 f5 15. Qf4 Qe6 16. b3 d5 17. Bb2 c5 18. cxd5 Nxd5 19. Qf3 Bxd3 20. Qxd3 Nb4 21. Qc4 Qxc4 22. Nxc4 Nxa2 23. Rbd1 Rad8 24. Nxa5 Nb4 25. Nb7 Rxd1 26. Rxd1 Re8 27. f4 Na6 28. Ba3 g5 29. fxg5 Bxe5 30. Nxc5 Nxc5 31. Bxc5 Bf4 32. Rf1 Bxg5 33. Rxf5 Be3+ 34. Bxe3 Rxe3 35. Rf3 Re2 36. Rc3 Rb2 37. h4 Kh8 38. Kh2 Kg8 39. Kh3 Kh8 40. g4 Re2 41. g5 Re4 42. h5 Kg8 43. h6 Re7 44. Kg4 Rd7 45. Kf5 Kf7 46. Rc5 Kf8 47. g6 hxg6+ 48. Kxg6 Kg8 49. b4 Rd6+ 50. Kh5 Rd7 51. b5 Kh8 52. Kg6 Kg8 53. Rc6 Re7 54. b6 Re1 55. bxc7 Rg1+ 56. Kf5 Rf1+ 57. Kg4 Rg1+ 58. Kh3 Kh7 59. Rc2 Rh1+ 60. Kg2 1-0

[Event "Copenhagen Challenge"]
[Site "Ballerup"]
[Date "2016.04.20"]
[Round "1"]
[White "Sorensen, Per Settergren"]
[Black "Sylvan, Jacob"]
[Result "0-1"]
[WhiteElo "1979"]
[BlackElo "2327"]
[PlyCount "102"]
[EventDate "2016.04.20"]
[EventType "swiss"]
[EventRounds "9"]
[EventCountry "DEN"]
[SourceTitle "CBM 172 Extra"]
[Source "ChessBase"]
[SourceDate "2016.06.21"]
[SourceVersion "1"]
[SourceVersionDate "2016.06.21"]
[SourceQuality "1"]

1. e4 c5 2. Nf3 e6 3. d4 cxd4 4. Nxd4 Nc6 5. Nc3 Qc7 6. g3 a6 7. Bg2 Nf6 8. 0-0 Be7 9. Be3 0-0 10. Nxc6 bxc6 11. Na4 Rb8 12. c4 e5 13. c5 d6 14. cxd6 Bxd6 15. h3 Be6 16. b3 c5 17. f4 Rfd8 18. f5 Bd7 19. Nb2 Bc6 20. Qc2 Qb7 21. Bg5 Be7 22. Rfe1 Nh5 23. Bxe7 Qxe7 24. Qc3 Qg5 25. Re3 Rd4 26. Kh2 Rbd8 27. Nc4 Qe7 28. Rae1 Nf6 29. a4 h6 30. Qa5 Bb7 31. Qb6 R8d7 32. Na5 Rb4 33. Qa7 Bxe4 34. Qxa6 Bxg2 35. Kxg2 Rd2+ 36. Kg1 Qc7 37. Nc6 Rb6 38. Qa8+ Kh7 39. Nxe5 Nd5 40. Rf3 Rb8 41. Qa6 Re8 42. Rd3 Rxe5 43. Rxe5 Qxe5 44. Rxd2 Qe1+ 45. Qf1 Qxd2 46. Qf3 Nf6 47. g4 Nd7 48. Kh1 Qe1+ 49. Kg2 Ne5 50. Qd5 Qe2+ 51. Kh1 Nf3 0-1

[Event "Politiken Cup 37th"]
[Site "Helsingor"]
[Date "2015.08.01"]
[Round "9"]
[White "Pedersen, Lars Foldager"]
[Black "Sorensen, Per Settergren"]
[Result "1/2-1/2"]
[WhiteElo "1907"]
[BlackElo "2087"]
[PlyCount "188"]
[EventDate "2015.07.25"]
[EventType "swiss"]
[EventRounds "10"]
[EventCountry "DEN"]
[SourceTitle "CBM 167 Extra"]
[Source "ChessBase"]
[SourceDate "2015.09.14"]
[SourceVersion "1"]
[SourceVersionDate "2015.09.14"]
[SourceQuality "1"]

1. Nf3 Nf6 2. g3 g6 3. Bg2 Bg7 4. 0-0 0-0 5. c4 c5 6. Nc3 Nc6 7. d3 d6 8. a3 h6 9. e3 Bg4 10. Qc2 Qc8 11. Re1 Bh3 12. Bh1 Rb8 13. b3 a6 14. Bb2 e5 15. Qd2 b5 16. Ne4 Ne8 17. cxb5 axb5 18. Qc2 Be6 19. Rac1 Qd7 20. Ba1 b4 21. a4 Na5 22. Ned2 f5 23. e4 Qf7 24. Nc4 Nxc4 25. dxc4 f4 26. Rf1 g5 27. Qd3 Bf6 28. Rfe1 Qh5 29. Nd2 Kh7 30. f3 fxg3 31. hxg3 Rb7 32. Re2 Kg8 33. Nf1 Rh7 34. Rh2 Qg6 35. g4 h5 36. Rxh5 Rxh5 37. gxh5 Qxh5 38. Rc2 Be7 39. Rh2 Qf7 40. Bb2 Nf6 41. Ng3 Nh7 42. Bc1 Qg6 43. Nh5 Rf7 44. Qe3 Rf4 45. Qf2 Rh4 46. Ng3 Nf6 47. Rg2 Kf8 48. Nf1 Qh7 49. Rh2 Rxh2 50. Qxh2 Qxh2+ 51. Kxh2 Nd7 52. Bg2 Bd8 53. Bh3 Kf7 54. Bxe6+ Kxe6 55. Kg3 Kf6 56. Ne3 Nf8 57. Nf5 Bc7 58. Kg4 Ne6 59. Bd2 Kg6 60. Ne7+ Kf7 61. Nc6 Ke8 62. Kf5 Kd7 63. Kf6 Bd8+ 64. Nxd8 Nxd8 65. Kxg5 Nc6 66. f4 exf4 67. Bxf4 Na5 68. Kf5 Nxb3 69. e5 dxe5 70. Kxe5 Kc6 71. Ke4 Kb6 72. Kd5 Ka5 73. Be5 Kxa4 74. Bb2 Ka5 75. Bf6 Kb6 76. Bd8+ Kb7 77. Bf6 Kc8 78. Kc6 Kb8 79. Be5+ Ka7 80. Kb5 Kb7 81. Ka4 Nc1 82. Kb5 Nd3 83. Bg7 Kc7 84. Ka4 Kd7 85. Bf8 Kc6 86. Bg7 Nf2 87. Be5 Ne4 88. Bf4 Kd7 89. Kb3 Ke6 90. Be3 Kd6 91. Bf4+ Kc6 92. Be3 Nd6 93. Bd2 Nb7 94. Bxb4 cxb4 1/2-1/2

[Event "Politiken Cup 37th"]
[Site "Helsingor"]
[Date "2015.07.31"]
[Round "8"]
[White "Sorensen, Per Settergren"]
[Black "Wiberg, Jonas"]
[Result "1-0"]
[WhiteElo "2087"]
[BlackElo "1805"]
[PlyCount "83"]
[EventDate "2015.07.25"]
[EventType "swiss"]
[EventRounds "10"]
[EventCountry "DEN"]
[SourceTitle "CBM 167 Extra"]
[Source "ChessBase"]
[SourceDate "2015.09.14"]
[SourceVersion "1"]
[SourceVersionDate "2015.09.14"]
[SourceQuality "1"]

1. e4 c6 2. d4 d5 3. Nd2 dxe4 4. Nxe4 Bf5 5. Ng3 Bg6 6. h4 h6 7. Nf3 Nd7 8. h5 Bh7 9. Bd3 Bxd3 10. Qxd3 Qc7 11. Bd2 e6 12. 0-0-0 Ngf6 13. Kb1 0-0-0 14. Ne4 Nxe4 15. Qxe4 Nf6 16. Qe2 Bd6 17. g3 Rhe8 18. c4 c5 19. Bc3 Kb8 20. Ne5 Qe7 21. f4 Rc8 22. g4 Ka8 23. dxc5 Bxc5 24. g5 hxg5 25. fxg5 Ng8 26. g6 fxg6 27. Rd7 Qg5 28. hxg6 Re7 29. Rhd1 Nf6 30. Rd8 Re8 31. Rxe8 Rxe8 32. Qd3 Qf5 33. Rf1 Qe4 34. Rxf6 Qxd3+ 35. Nxd3 gxf6 36. Nxc5 e5 37. Nd7 Rg8 38. Nxf6 Rxg6 39. Bxe5 Rg5 40. Bc3 Rc5 41. b3 b5 42. Bd4 1-0

[Event "Politiken Cup 37th"]
[Site "Helsingor"]
[Date "2015.07.27"]
[Round "4"]
[White "Sorensen, Per Settergren"]
[Black "Solberg, Joachim Krokvik"]
[Result "0-1"]
[WhiteElo "2087"]
[BlackElo "2270"]
[PlyCount "82"]
[EventDate "2015.07.25"]
[EventType "swiss"]
[EventRounds "10"]
[EventCountry "DEN"]
[SourceTitle "CBM 167 Extra"]
[Source "ChessBase"]
[SourceDate "2015.09.14"]
[SourceVersion "1"]
[SourceVersionDate "2015.09.14"]
[SourceQuality "1"]

1. e4 c5 2. Nf3 e6 3. d4 cxd4 4. Nxd4 a6 5. Nc3 b5 6. Bd3 Bb7 7. 0-0 d6 8. Re1 Nd7 9. a4 b4 10. Nd5 exd5 11. exd5+ Be7 12. Bg5 Kf8 13. Qf3 Bf6 14. Bxf6 Ngxf6 15. Nf5 Ne5 16. Qg3 g6 17. Nxd6 Qxd6 18. Rxe5 Kg7 19. f4 Nd7 20. Re2 Rae8 21. Rf2 Bxd5 22. Rd1 Nf6 23. Rfd2 Qc5+ 24. Kh1 Bb7 25. f5 Qe3 26. Qxe3 Rxe3 27. Kg1 Rhe8 28. fxg6 hxg6 29. Rf1 Re1 30. Rdf2 Rxf1+ 31. Kxf1 Ng4 32. Re2 Rxe2 33. Kxe2 Kf6 34. h3 Ne5 35. g3 Ke6 36. Ke3 Nxd3 37. Kxd3 Kd5 38. b3 a5 39. h4 Bc8 40. c4+ bxc3 41. Kxc3 Kc5 0-1

[Event "Copenhagen Challenge"]
[Site "Ballerup"]
[Date "2015.05.02"]
[Round "7"]
[White "Johansen, Johnny Holler"]
[Black "Sorensen, Per Settergren"]
[Result "0-1"]
[WhiteElo "1884"]
[BlackElo "2061"]
[PlyCount "100"]
[EventDate "2015.04.29"]
[EventType "swiss"]
[EventRounds "9"]
[EventCountry "DEN"]
[SourceTitle "CBM 166 Extra"]
[Source "ChessBase"]
[SourceDate "2015.06.18"]
[SourceVersion "1"]
[SourceVersionDate "2015.06.18"]
[SourceQuality "1"]

1. e4 e5 2. Nf3 Nc6 3. d4 exd4 4. Nxd4 Nf6 5. Nc3 Bb4 6. Nxc6 bxc6 7. Bd3 d5 8. exd5 cxd5 9. 0-0 0-0 10. Ne2 Re8 11. Bf4 Bc5 12. Ng3 Bg4 13. Qd2 Qd7 14. Rfe1 Bb6 15. Rxe8+ Rxe8 16. Re1 Be6 17. Bg5 Ng4 18. Re2 h6 19. Bf4 c5 20. c4 Rd8 21. b3 dxc4 22. Bxc4 Bxc4 23. Qxd7 Rxd7 24. bxc4 Rd1+ 25. Nf1 g5 26. Bg3 Rc1 27. Re8+ Kh7 28. Re7 Kg6 29. h3 Nf6 30. Be5 Rxc4 31. g4 Rc1 32. Kg2 Nd5 33. Re8 f6 34. Bg3 c4 35. Nd2 c3 36. Ne4 c2 37. Rc8 Nc7 38. Nd6 Rg1+ 39. Kxg1 c1Q+ 40. Kh2 Qd1 41. Rg8+ Kh7 42. Rf8 Bc5 43. Rf7+ Kg8 44. Rxc7 Bxd6 45. Rxa7 Bxg3+ 46. Kxg3 Qd3+ 47. f3 Qd6+ 48. Kg2 Qd2+ 49. Kg3 Qd4 50. Rb7 Qg1# 0-1